| 000 | 00356nam a2200145Ia 4500 | ||
|---|---|---|---|
| 008 | 220204s9999 xx 000 0 und d | ||
| 082 |
_a581.19 _bKRE |
||
| 100 | _aKRETOVICH, V L | ||
| 245 | 0 | _aPrinciples of plant biochemistry. | |
| 250 | _aEd.4 | ||
| 260 |
_aNew York _bPergamon _c1966 |
||
| 650 | _aEnzyme | ||
| 650 | _aPlant biochemistry | ||
| 942 | _cBK | ||
| 999 |
_c21192 _d21192 |
||